00285nam a2200121Ia 4500008004100000041000800041082001400049100001000063245002800073260003300101300001800134365001100152240624s9999 xx 000 0 und d aeng a658.5 ICF aICFAI aOPERATIONS MANAGEMENT I c2003aHyderabadbICFAI press av, , 23 : cm. cRSb50